000
00315nam a22001457a 4500
003
SGT
020
_a
9788181437501
082
_a
070
_b
B08S
100
_a
SHRIDHAR, VIJAYDUTT
245
_a
BHARTIYA PATRAKARITA KOSH
260
_b
VAANI PRAKASHAN
_c
2008
300
_a
1069
650
_a
JOURNALISM
942
_2
ddc
_c
BK
999
_c
28519
_d
28519